| 000 | 00870nam a2200277Ia 4500 | ||
|---|---|---|---|
| 003 | OSt | ||
| 005 | 20220918170721.0 | ||
| 006 | a|||||r|||| 00| 0 | ||
| 007 | ta | ||
| 008 | 220917b |||||||| |||| 00| 0 eng d | ||
| 020 |
_a9780415712439 (pbk) _c4861.02 |
||
| 024 | _a289,934 | ||
| 037 |
_b1145, 18/03/2016, Bright Book Service _cTextual |
||
| 040 |
_aARTS _cARTS _beng |
||
| 041 |
_2eng _aeng |
||
| 082 | _aS:86, Q5 | ||
| 100 |
_aCochran Jeff L. _930620 |
||
| 245 | 0 |
_aHeart of counselling _b Counselling skills through therapeutic relationships |
|
| 250 | _a2nd | ||
| 260 |
_aNew York _bRoutlede U.S.A. _c2015 |
||
| 300 |
_axi, 348p. _ccm. |
||
| 650 | _aPSYCHOLOGY | ||
| 700 |
_a Cochran Nancy H. _930621 |
||
| 942 |
_hS:86, Q5 _cTEXL _2CC |
||
| 999 |
_c135339 _d135339 |
||